Australia trading with Asia : trade mission to Malaysia, December 4-11, 1994.
| Format: | Book |
|---|---|
| Published: |
Perth:
The Western Australian Chinese Chamber of Commerce,
[199-].
|
| Subjects: |
| LEADER | 00518cam a2200157 7i4500 | ||
|---|---|---|---|
| 001 | 0000004509 | ||
| 005 | 19991025090000.0 | ||
| 002 | ##000006008 | ||
| 020 | 0 | 0 | |a T000004923 |
| 090 | 0 | 0 | |a ASTL 380.106 |b AUS |
| 245 | 1 | 0 | |a Australia trading with Asia : |b trade mission to Malaysia, December 4-11, 1994. |
| 260 | 0 | 0 | |a Perth: |b The Western Australian Chinese Chamber of Commerce, |c [199-]. |
| 300 | 0 | 0 | |a 31 p.. |
| 650 | 0 | 0 | |a Trade mission -- |z Australia |
| 651 | 0 | 0 | |a Australia |
| 999 | |a 0000004942 |b Book |c Open shelf |e Business Information Centre | ||